[Event "22.Deutsche Senioreneinzelmeisterschaft"]
[Site "Berlin-Spandau"]
[Date "2010.08.18"]
[Round "3.48"]
[White "Swoboda, Peter"]
[Black "Hoppe, Rainer"]
[Result "1/2-1/2"]
[WhiteElo "1946"]
[BlackElo "1810"]
[PlyCount "80"]
[EventDate "2010.08.??"]
[EventType "swiss"]
[EventRounds "9"]
[EventCountry "GER"]
[WhiteTeam "USV Volksbank Halle e. V."]
[BlackTeam "SG  Wedding e.V."]

1. d4 Nf6 2. c4 e6 3. Nc3 c5 4. d5 exd5 5. cxd5 d6 6. e4 g6 7. Nge2 Bg7 8. Ng3
a6 9. a4 b6 10. Bg5 O-O 11. Qd2 Re8 12. Be2 Nbd7 13. h4 h5 14. O-O Qc7 15. Bh6
Nf8 16. Bxg7 Kxg7 17. f4 Qe7 18. f5 Qe5 19. Qf4 Ra7 20. fxg6 fxg6 21. Rf2 Rae7
22. Raf1 Qxf4 23. Rxf4 N8d7 24. R1f2 Re5 25. Bf3 Rf8 26. Nf1 Re7 27. Nd2 Ne5
28. Be2 Ref7 29. Nc4 Nxc4 30. Bxc4 Ng4 31. Rxf7+ Rxf7 32. Rxf7+ Kxf7 33. Be2
Kf6 34. Bxg4 Bxg4 35. Kf2 Ke5 36. Ke3 Bd7 37. g3 Bh3 38. b3 Bg2 39. Kd3 Bf1+
40. Ke3 b5 1/2-1/2

[Event "22.Deutsche Senioreneinzelmeisterschaft"]
[Site "Berlin-Spandau"]
[Date "2010.08.18"]
[Round "3.49"]
[White "Pueschel, Werner"]
[Black "Fritsch, Juergen"]
[Result "1-0"]
[WhiteElo "2079"]
[BlackElo "1774"]
[PlyCount "143"]
[EventDate "2010.08.??"]
[EventType "swiss"]
[EventRounds "9"]
[EventCountry "GER"]

1. e4 e5 2. Bc4 c6 3. d3 d5 4. exd5 cxd5 5. Bb3 Nf6 6. Nf3 Nc6 7. O-O Bb4 8. a3
Ba5 9. Bg5 Be6 10. Nc3 h6 11. Bh4 Bxc3 12. bxc3 Qa5 13. Qe1 Nd7 14. Bg3 f6 15.
Kh1 Kf7 16. Ng1 g5 17. f3 Rae8 18. Ne2 h5 19. h3 h4 20. Bh2 d4 21. Bxe6+ Rxe6
22. c4 Qxe1 23. Raxe1 Nc5 24. Rb1 Ne7 25. Rb5 Rc6 26. Rfb1 Nf5 27. Bg1 Nd6 28.
R5b4 Ra6 29. Ra1 Rc8 30. Bf2 Ra4 31. Be1 Rc6 32. Rxa4 Nxa4 33. Rb1 Nc5 34. Nc1
Ke6 35. Nb3 b6 36. Kg1 Ndb7 37. Nd2 Nd6 38. Kf2 Nf5 39. Nf1 Kd7 40. Bd2 Kc7 41.
g4 Nd6 42. Bb4 a5 43. Bd2 Ne6 44. Rb2 Nb7 45. Kg2 Nbc5 46. Kh2 Na4 47. Rb1 Nac5
48. Bc1 Rd6 49. Nd2 Kc6 50. Ne4 Nxe4 51. fxe4 Kd7 52. a4 Rc6 53. Ba3 Kc7 54.
Rb5 Nc5 55. Bxc5 Rxc5 56. Rb1 Rc6 57. Kg2 Re6 58. Kf3 Kc6 59. Ke2 Rd6 60. Kd2
Re6 61. Rb5 Re7 62. c3 Rd7 63. cxd4 Rxd4 64. Rd5 Kc7 65. Ke3 Kc6 66. Rxd4 exd4+
67. Kxd4 Kd6 68. Ke3 Kc5 69. d4+ Kxc4 70. d5 Kc5 71. Kd3 Kd6 72. Kc4 1-0

[Event "22.Deutsche Senioreneinzelmeisterschaft"]
[Site "Berlin-Spandau"]
[Date "2010.08.18"]
[Round "3.50"]
[White "Kuehn, Peter"]
[Black "Dombrowsky, Michael"]
[Result "1-0"]
[WhiteElo "1774"]
[BlackElo "2047"]
[PlyCount "65"]
[EventDate "2010.08.??"]
[EventType "swiss"]
[EventRounds "9"]
[EventCountry "GER"]
[WhiteTeam "SV Malchower Schachinsel"]
[BlackTeam "SW Nuernberg Sued e.V."]

1. e4 e6 2. d4 d5 3. Nd2 dxe4 4. Nxe4 Bd7 5. Nf3 Bc6 6. Bd3 Nd7 7. O-O Be7 8.
Qe2 Ngf6 9. Ng3 O-O 10. Rd1 Re8 11. Ne5 Nxe5 12. dxe5 Qd5 13. f3 Qc5+ 14. Kh1
Nd7 15. f4 Qb6 16. Qg4 Qf2 17. Qh3 Nf8 18. Rf1 Qd4 19. Ne2 Qd7 20. Be3 b6 21.
Rad1 Qc8 22. Nd4 Qb7 23. Nxc6 Qxc6 24. f5 Bc5 25. f6 Bxe3 26. Qxe3 Rad8 27. Qg5
Ng6 28. fxg7 Rd7 29. Qf6 Red8 30. Rde1 Qc5 31. Rf3 Qb4 32. Ref1 Qe7 33. Bxg6
1-0

[Event "22.Deutsche Senioreneinzelmeisterschaft"]
[Site "Berlin-Spandau"]
[Date "2010.08.18"]
[Round "3.51"]
[White "Piastowski, Kurt"]
[Black "Leiber, Bernard"]
[Result "0-1"]
[WhiteElo "1769"]
[BlackElo "2043"]
[PlyCount "58"]
[EventDate "2010.08.??"]
[EventType "swiss"]
[EventRounds "9"]
[EventCountry "GER"]

1. d4 Nf6 2. Nf3 c5 3. dxc5 e6 4. Nc3 Bxc5 5. Bf4 O-O 6. Bd6 Qb6 7. Bxc5 Qxc5
8. e3 Nc6 9. Be2 d5 10. O-O e5 11. Na4 Qa5 12. c3 Bf5 13. b4 Qc7 14. Rc1 Rad8
15. Qb3 Rfe8 16. Bb5 a6 17. Bxc6 Qxc6 18. Rfd1 Bg4 19. Nb2 Ne4 20. Nd3 Bxf3 21.
gxf3 Ng5 22. Ne1 Re6 23. h4 Nh3+ 24. Kg2 Rg6+ 25. Kxh3 Qe6+ 26. Kh2 Qf6 27. Ng2
Qxf3 28. Rg1 Qxf2 29. Qc2 Qg3+ 0-1

[Event "22.Deutsche Senioreneinzelmeisterschaft"]
[Site "Berlin-Spandau"]
[Date "2010.08.18"]
[Round "3.53"]
[White "Hentzschel, Erhard"]
[Black "Lainburg, Viktor"]
[Result "0-1"]
[WhiteElo "1764"]
[BlackElo "2031"]
[PlyCount "110"]
[EventDate "2010.08.??"]
[EventType "swiss"]
[EventRounds "9"]
[EventCountry "GER"]
[WhiteTeam "Peiner SV"]
[BlackTeam "SC Weisse Dame Ulm e.V."]

1. e4 Nf6 2. Nc3 d5 3. exd5 Nxd5 4. Bc4 Nb6 5. Bb3 Nc6 6. Nf3 g6 7. O-O Bg7 8.
Ne4 O-O 9. c3 e5 10. d3 h6 11. h3 Nd5 12. d4 exd4 13. cxd4 Re8 14. Nc3 Be6 15.
Be3 Qd7 16. Nxd5 Bxd5 17. Bxd5 Qxd5 18. Qd2 Kh7 19. b3 Rad8 20. Rac1 Bf8 21.
Qc3 Ba3 22. Rcd1 a5 23. Qc4 f5 24. Bf4 Re7 25. Rfe1 Rxe1+ 26. Nxe1 Qxc4 27.
bxc4 Nxd4 28. Kf1 c5 29. Rb1 Rd7 30. Rd1 Re7 31. Be3 Ne6 32. Nc2 Bb2 33. Rd5
Rc7 34. Rd6 Re7 35. Rb6 Bd4 36. Rb5 f4 37. Bd2 a4 38. Ra5 Rd7 39. Be1 f3 40. g3
Ng5 41. h4 Ne4 42. Rxa4 Bxf2 43. Bxf2 Rd2 44. Be1 Rxc2 45. Ra3 f2 46. Re3
fxe1=Q+ 47. Kxe1 Nd6 48. Re7+ Kh8 49. Rd7 Nxc4 50. Rxb7 Ne3 51. a4 Ra2 52. Re7
Nf5 53. Rc7 Nxg3 54. Rxc5 Rxa4 55. Rc3 Ra1+ 0-1

[Event "22.Deutsche Senioreneinzelmeisterschaft"]
[Site "Berlin-Spandau"]
[Date "2010.08.18"]
[Round "3.54"]
[White "Hamm, Georg"]
[Black "Perk, Egbert"]
[Result "1/2-1/2"]
[WhiteElo "2006"]
[BlackElo "1759"]
[PlyCount "72"]
[EventDate "2010.08.??"]
[EventType "swiss"]
[EventRounds "9"]
[EventCountry "GER"]
[WhiteTeam "TSG Calbe/Saale e. V."]
[BlackTeam "SK Lister Turm"]

1. d4 Nf6 2. Nf3 d6 3. c4 Nbd7 4. Nc3 c6 5. e4 e5 6. Be2 Be7 7. O-O O-O 8. h3
Re8 9. Qc2 Qc7 10. Be3 Nf8 11. Rfe1 Ng6 12. Bf1 Nh5 13. g3 Bd7 14. Kh2 Rf8 15.
dxe5 dxe5 16. c5 Be6 17. Ng5 Bxg5 18. Bxg5 h6 19. Be3 Rad8 20. Rad1 b5 21. cxb6
axb6 22. Nd5 Bxd5 23. exd5 c5 24. b4 Nf6 25. Qc4 Ne7 26. Bg2 Nf5 27. bxc5 Nxe3
28. Rxe3 bxc5 29. Rc3 Nd7 30. d6 Qa5 31. Bc6 Nb8 32. Bb5 Nd7 33. Bxd7 Rxd7 34.
Qxc5 Qxa2 35. Kg2 Qe6 36. Re3 f6 1/2-1/2

[Event "22.Deutsche Senioreneinzelmeisterschaft"]
[Site "Berlin-Spandau"]
[Date "2010.08.18"]
[Round "3.55"]
[White "Plischke, Berthold"]
[Black "Burstein, Garri"]
[Result "1-0"]
[WhiteElo "1755"]
[BlackElo "2006"]
[PlyCount "62"]
[EventDate "2010.08.??"]
[EventType "swiss"]
[EventRounds "9"]
[EventCountry "GER"]
[WhiteTeam "SV Wesel 1928 e.V."]
[BlackTeam "SC Tornado 86 Hochneukirch"]

1. e4 c5 2. Nf3 d6 3. d4 cxd4 4. Nxd4 Nf6 5. Nc3 a6 6. Be3 e5 7. Nb3 Be6 8. Qd3
Nbd7 9. O-O-O Qc7 10. f3 Nb6 11. Qd2 Be7 12. g4 Nfd7 13. Qf2 Nc5 14. Kb1 O-O
15. Be2 Nca4 16. Nxa4 Nxa4 17. Rd2 Nc5 18. h4 a5 19. Rhd1 a4 20. Nc1 a3 21. b3
Rfb8 22. c4 Ra6 23. Bf1 Rc8 24. Ne2 Qa5 25. Rc2 Rac6 26. Nc3 Na6 27. Nd5 Bf8
28. Bb6 Rxb6 29. Qxb6 Qxb6 30. Nxb6 Rc6 31. Nd5 Bxd5 1-0

[Event "22.Deutsche Senioreneinzelmeisterschaft"]
[Site "Berlin-Spandau"]
[Date "2010.08.18"]
[Round "3.56"]
[White "Andersen, Knut"]
[Black "Wawrinsky, Ludwig"]
[Result "1-0"]
[WhiteElo "2004"]
[BlackElo "1751"]
[PlyCount "73"]
[EventDate "2010.08.??"]
[EventType "swiss"]
[EventRounds "9"]
[EventCountry "GER"]
[WhiteTeam "SF Buer 21/74"]
[BlackTeam "1.SK Neuperlach e.V."]

1. c4 Nf6 2. Nc3 e6 3. Nf3 b6 4. d4 Bb7 5. Bg5 Be7 6. e3 d6 7. Bd3 Nbd7 8. O-O
O-O 9. Qc2 a6 10. b4 h6 11. Bh4 Nh5 12. Bxe7 Qxe7 13. d5 Nhf6 14. Qb3 exd5 15.
cxd5 Ne5 16. Be2 b5 17. a4 c6 18. dxc6 Bxc6 19. axb5 Nxf3+ 20. Bxf3 Bxf3 21.
gxf3 Qb7 22. bxa6 Qxf3 23. Qd1 Qc6 24. Qd3 Rfc8 25. Rfc1 Qf3 26. Qe2 Qh3 27. f3
Re8 28. b5 Re5 29. a7 Rg5+ 30. Kh1 Nh5 31. Rg1 Ng3+ 32. Rxg3 Rxg3 33. b6 Rxf3
34. b7 Rf8 35. a8=Q Rxe3 36. Qxf8+ Kxf8 37. b8=Q+ 1-0

[Event "22.Deutsche Senioreneinzelmeisterschaft"]
[Site "Berlin-Spandau"]
[Date "2010.08.18"]
[Round "3.57"]
[White "Gensch, Manfred"]
[Black "Blab, Ludwig"]
[Result "1/2-1/2"]
[WhiteElo "1750"]
[BlackElo "2002"]
[PlyCount "45"]
[EventDate "2010.08.??"]
[EventType "swiss"]
[EventRounds "9"]
[EventCountry "GER"]

1. e4 e6 2. d4 d5 3. exd5 exd5 4. Nf3 Bd6 5. Bd3 Nf6 6. Qe2+ Be7 7. O-O O-O 8.
Ne5 Nbd7 9. f4 c5 10. c3 Re8 11. Nd2 a6 12. h3 Bd6 13. Ndf3 Nf8 14. Ng5 Re7 15.
Be3 Qc7 16. Rac1 h6 17. Ngf3 c4 18. Bc2 Bd7 19. Nd2 Rae8 20. b3 b5 21. bxc4
bxc4 22. Bf2 Bc6 23. Bh4 1/2-1/2

[Event "22.Deutsche Senioreneinzelmeisterschaft"]
[Site "Berlin-Spandau"]
[Date "2010.08.18"]
[Round "3.58"]
[White "Wuensch, Ulrich"]
[Black "Jendrossek, Hans"]
[Result "1-0"]
[WhiteElo "1985"]
[BlackElo "1748"]
[PlyCount "50"]
[EventDate "2010.08.??"]
[EventType "swiss"]
[EventRounds "9"]
[EventCountry "GER"]
[WhiteTeam "USG Chemnitz"]
[BlackTeam "SC Schwarzer Springer Schmargend"]

1. d4 d5 2. Nf3 Nf6 3. e3 c6 4. Bd3 Bg4 5. O-O Nbd7 6. Nbd2 e5 7. dxe5 Nxe5 8.
Be2 Nxf3+ 9. Nxf3 Qc7 10. b3 Bd6 11. h3 Bh5 12. Bb2 Ne4 13. c4 O-O 14. cxd5
Rad8 15. Rc1 Qb8 16. Qd4 Nf6 17. Qh4 Bxf3 18. Bxf6 gxf6 19. Bxf3 cxd5 20. Qxf6
Be5 21. Qf5 Kh8 22. Rfd1 Rg8 23. Rxd5 Rde8 24. Rd7 Rg6 25. Rxb7 Qd6 1-0

[Event "22.Deutsche Senioreneinzelmeisterschaft"]
[Site "Berlin-Spandau"]
[Date "2010.08.18"]
[Round "3.59"]
[White "Mueller, Lutz"]
[Black "Kluger, Hans-Peter"]
[Result "1-0"]
[WhiteElo "1953"]
[BlackElo "1743"]
[PlyCount "77"]
[EventDate "2010.08.??"]
[EventType "swiss"]
[EventRounds "9"]
[EventCountry "GER"]
[WhiteTeam "Sfr.Mainz 1928"]
[BlackTeam "SF Fallersleben"]

1. d4 d5 2. Nf3 c6 3. e3 Nf6 4. Bd3 Bg4 5. Nbd2 Nbd7 6. Be2 Qc7 7. b3 e6 8. Bb2
Bd6 9. c4 c5 10. cxd5 exd5 11. h3 Bh5 12. O-O b6 13. Rc1 O-O 14. dxc5 bxc5 15.
Nd4 Bxe2 16. Qxe2 a6 17. Nf5 Be5 18. Nf3 Bxb2 19. Qxb2 Rfe8 20. Rfd1 Qb6 21.
Rxd5 Rad8 22. Rcd1 Qc7 23. Rc1 Re6 24. Rd4 Qa5 25. Rg4 g6 26. Ra4 Qb5 27. Nh6+
Kg7 28. Rh4 Qb8 29. Ng5 Re7 30. Nhxf7 Rxf7 31. Rxh7+ Kg8 32. Rxf7 Qe5 33. Qxe5
Nxe5 34. Rxf6 Kg7 35. Rxa6 Rd5 36. f4 Nd7 37. Rc4 Rd2 38. Ra7 Kf6 39. Ne4+ 1-0

[Event "22.Deutsche Senioreneinzelmeisterschaft"]
[Site "Berlin-Spandau"]
[Date "2010.08.18"]
[Round "3.60"]
[White "Kolkwitz, Klaus"]
[Black "Nagorni, Walter"]
[Result "0-1"]
[WhiteElo "1742"]
[BlackElo "1949"]
[PlyCount "52"]
[EventDate "2010.08.??"]
[EventType "swiss"]
[EventRounds "9"]
[EventCountry "GER"]

1. d4 Nf6 2. Nf3 c5 3. e3 g6 4. c3 Bg7 5. Nbd2 O-O 6. Be2 b6 7. O-O Bb7 8. Re1
d6 9. Bc4 Nbd7 10. e4 cxd4 11. cxd4 e5 12. b4 Rc8 13. Qb3 exd4 14. Bb2 Ne5 15.
Nxd4 Nxc4 16. Nxc4 Nxe4 17. f3 d5 18. Ne3 Nd2 19. Qd3 Nc4 20. Qb3 Qg5 21. Rad1
Nxb2 22. Qxb2 Rfd8 23. Qe2 Re8 24. Qd2 Bh6 25. Nf1 Qxd2 26. Rxe8+ Rxe8 0-1

[Event "22.Deutsche Senioreneinzelmeisterschaft"]
[Site "Berlin-Spandau"]
[Date "2010.08.18"]
[Round "3.61"]
[White "Metzger, Eberhard"]
[Black "Glatthor, Thomas"]
[Result "0-1"]
[WhiteElo "1732"]
[BlackElo "1942"]
[PlyCount "58"]
[EventDate "2010.08.??"]
[EventType "swiss"]
[EventRounds "9"]
[EventCountry "GER"]
[WhiteTeam "SV Werder/H."]
[BlackTeam "VfB Hermsdorf e.V."]

1. e4 e5 2. Nf3 Nf6 3. Nxe5 d6 4. Nxf7 Kxf7 5. d4 g6 6. Nc3 Be7 7. Bd3 Kg7 8.
O-O Rf8 9. h3 Nc6 10. Be3 Ng8 11. Qd2 Bf6 12. Ne2 Kh8 13. c3 Bd7 14. f4 Bg7 15.
Ng3 Qh4 16. Kh2 Rae8 17. f5 Bh6 18. fxg6 hxg6 19. e5 Bxe3 20. Qxe3 Nh6 21. Kg1
Nf5 22. Nxf5 Bxf5 23. Rf4 Qe7 24. Raf1 dxe5 25. dxe5 Bxd3 26. Qxd3 Rxf4 27.
Rxf4 Nxe5 28. Qd4 b6 29. Qe4 Kg7 0-1

[Event "22.Deutsche Senioreneinzelmeisterschaft"]
[Site "Berlin-Spandau"]
[Date "2010.08.18"]
[Round "3.62"]
[White "Wolter, Guenter"]
[Black "Bomert, Egon"]
[Result "0-1"]
[WhiteElo "1725"]
[BlackElo "1935"]
[PlyCount "64"]
[EventDate "2010.08.??"]
[EventType "swiss"]
[EventRounds "9"]
[EventCountry "GER"]
[WhiteTeam "TSG Neustrelitz"]
[BlackTeam "SK Bad Sooden-Allendorf"]

1. e4 c5 2. Nc3 Nc6 3. g3 d6 4. Bg2 g6 5. d3 Bg7 6. f4 e6 7. Nf3 Nge7 8. O-O
O-O 9. Ne2 b5 10. c3 Qc7 11. Rb1 Bb7 12. h3 Rac8 13. Be3 Nb8 14. Qc2 Qa5 15. g4
c4 16. d4 f5 17. Ng5 fxe4 18. Nxe6 Nd5 19. Bc1 Rfe8 20. Nxg7 Kxg7 21. Bxe4 Ne3
22. Bxe3 Bxe4 23. Qd2 Bxb1 24. Rxb1 Qd8 25. d5 Qe7 26. Bd4+ Kg8 27. Ng3 Qh4 28.
Kg2 Nd7 29. g5 Nc5 30. Bf2 Nd3 31. Rf1 Nxf4+ 32. Kf3 Qxh3 0-1

[Event "22.Deutsche Senioreneinzelmeisterschaft"]
[Site "Berlin-Spandau"]
[Date "2010.08.18"]
[Round "3.63"]
[White "Strohbusch, Frank"]
[Black "Hohn, August"]
[Result "0-1"]
[WhiteElo "1724"]
[BlackElo "1930"]
[PlyCount "58"]
[EventDate "2010.08.??"]
[EventType "swiss"]
[EventRounds "9"]
[EventCountry "GER"]

1. e4 c6 2. d4 d5 3. e5 Bf5 4. Ne2 e6 5. Ng3 Bg6 6. h4 h5 7. Bd3 Bxd3 8. cxd3
g6 9. Ne2 Be7 10. g3 Nh6 11. Nbc3 Nf5 12. Bd2 Nd7 13. a3 a5 14. Rc1 Kf8 15. Bf4
Kg7 16. Qd2 a4 17. Nd1 Qb6 18. Qc3 c5 19. dxc5 Bxc5 20. O-O Rhc8 21. Qd2 Nd4
22. Nxd4 Bxd4 23. Nc3 Nxe5 24. Qe2 Nc6 25. Rc2 Bf6 26. Rfc1 Nd4 27. Qe3 Qd8 28.
Rd2 Nb3 29. Rcd1 d4 0-1

[Event "22.Deutsche Senioreneinzelmeisterschaft"]
[Site "Berlin-Spandau"]
[Date "2010.08.18"]
[Round "3.64"]
[White "Tochtrop, Lothar"]
[Black "Loges, Wilhelm"]
[Result "1/2-1/2"]
[WhiteElo "1920"]
[BlackElo "1720"]
[PlyCount "36"]
[EventDate "2010.08.??"]
[EventType "swiss"]
[EventRounds "9"]
[EventCountry "GER"]
[WhiteTeam "SV Bottrop 1921"]
[BlackTeam "SK Turm Emsdetten e.V."]

1. e4 c5 2. Nf3 Nc6 3. d4 cxd4 4. Nxd4 e5 5. Nb3 d6 6. Nc3 Nf6 7. Bc4 Be6 8.
Bxe6 fxe6 9. O-O Be7 10. Bg5 O-O 11. Qe2 Ne8 12. Be3 Kh8 13. Rad1 Bg5 14. Qg4
Bxe3 15. fxe3 Nc7 16. Rxf8+ Qxf8 17. Rf1 Qe7 18. Ne2 Rf8 1/2-1/2

[Event "22.Deutsche Senioreneinzelmeisterschaft"]
[Site "Berlin-Spandau"]
[Date "2010.08.18"]
[Round "3.65"]
[White "Bars, Joachim"]
[Black "Schlag, Franz"]
[Result "1/2-1/2"]
[WhiteElo "1717"]
[BlackElo "1919"]
[PlyCount "61"]
[EventDate "2010.08.??"]
[EventType "swiss"]
[EventRounds "9"]
[EventCountry "GER"]

1. d4 Nf6 2. c4 e5 3. dxe5 Ng4 4. Nf3 Bc5 5. e3 Nc6 6. Bd2 Ngxe5 7. Nxe5 Nxe5
8. Bc3 Qe7 9. Nd2 O-O 10. Be2 c6 11. Nf3 Bb4 12. Qd4 Bxc3+ 13. Qxc3 d6 14. Nxe5
dxe5 15. e4 b6 16. O-O c5 17. Rad1 Bb7 18. f3 Rad8 19. Qe3 Rd4 20. Rxd4 cxd4
21. Qd2 Rd8 22. Bd3 Rd6 23. a3 Rh6 24. Rf2 Qh4 25. g3 Qe7 26. Qb4 Qc7 27. Rc2
g5 28. c5 Rc6 29. cxb6 Qxb6 30. Qxb6 Rxb6 31. Kf2 1/2-1/2

[Event "22.Deutsche Senioreneinzelmeisterschaft"]
[Site "Berlin-Spandau"]
[Date "2010.08.18"]
[Round "3.66"]
[White "Beran, Rolf-Dietrich"]
[Black "Appel, Juergen"]
[Result "1-0"]
[WhiteElo "1913"]
[BlackElo "1714"]
[PlyCount "85"]
[EventDate "2010.08.??"]
[EventType "swiss"]
[EventRounds "9"]
[EventCountry "GER"]
[WhiteTeam "SV Rot-Weiß Neuenhagen"]
[BlackTeam "Zwickauer SC"]

1. c4 g6 2. g3 Bg7 3. Bg2 d6 4. Nc3 c6 5. e3 Nf6 6. Nge2 O-O 7. O-O e5 8. d3
Bf5 9. h3 Qc8 10. Kh2 Na6 11. a3 Nc5 12. e4 Bd7 13. f4 Ne6 14. f5 Nd4 15. g4 h6
16. g5 hxg5 17. Bxg5 gxf5 18. Nxd4 exd4 19. Ne2 c5 20. Ng3 Nh7 21. Nxf5 Be5+
22. Kh1 Nxg5 23. Ne7+ Kg7 24. Nxc8 Raxc8 25. Qh5 f6 26. Rf5 Bxf5 27. exf5 Rh8
28. Qg4 Rh6 29. Kg1 Rch8 30. Kf2 Rh4 31. Qe2 Nxh3+ 32. Bxh3 Rxh3 33. Rg1+ Kf8
34. Qg4 Rh2+ 35. Ke1 R2h7 36. Kd1 a6 37. Kc2 b5 38. cxb5 axb5 39. Qe4 Ra7 40.
Qc6 Rh2+ 41. Kb1 Rhh7 42. Qc8+ Ke7 43. Rg8 1-0

[Event "22.Deutsche Senioreneinzelmeisterschaft"]
[Site "Berlin-Spandau"]
[Date "2010.08.18"]
[Round "3.67"]
[White "Fleischer, Matthias"]
[Black "Krotofil, Kurt"]
[Result "0-1"]
[WhiteElo "1714"]
[BlackElo "1909"]
[PlyCount "64"]
[EventDate "2010.08.??"]
[EventType "swiss"]
[EventRounds "9"]
[EventCountry "GER"]

1. d4 d5 2. c4 c6 3. Nc3 Nf6 4. Nf3 e6 5. Bg5 Nbd7 6. e3 Bd6 7. c5 Be7 8. Nd2
O-O 9. f4 Ne8 10. Bxe7 Qxe7 11. Nf3 f6 12. Be2 e5 13. fxe5 fxe5 14. O-O e4 15.
Nd2 Qg5 16. Rxf8+ Nxf8 17. Nf1 Bh3 18. Ng3 Qxe3+ 19. Kh1 Bd7 20. Qg1 Qxg1+ 21.
Kxg1 Nf6 22. Kf2 Ne6 23. Ke3 g6 24. h3 Rf8 25. b4 h5 26. a4 h4 27. Nh1 Ng7 28.
Rd1 Nf5+ 29. Kf4 Ne8 30. Kg5 Nc7 31. Kxg6 Be8+ 32. Kg5 Ne6+ 0-1

[Event "22.Deutsche Senioreneinzelmeisterschaft"]
[Site "Berlin-Spandau"]
[Date "2010.08.18"]
[Round "3.68"]
[White "Minz, Michail"]
[Black "Meinhardt, Guenther"]
[Result "0-1"]
[WhiteElo "1908"]
[BlackElo "1707"]
[PlyCount "104"]
[EventDate "2010.08.??"]
[EventType "swiss"]
[EventRounds "9"]
[EventCountry "GER"]

1. e4 e5 2. Nc3 Nf6 3. g3 d5 4. exd5 Nxd5 5. Bg2 Nxc3 6. bxc3 Bc5 7. Ne2 O-O 8.
O-O Nc6 9. Bb2 Bg4 10. h3 Bh5 11. g4 Bg6 12. d4 Bd6 13. f4 exf4 14. Nxf4 Bxf4
15. Rxf4 Qd6 16. Rf2 Na5 17. Bc1 c6 18. a4 Rfe8 19. Bf4 Qd7 20. Qf1 Be4 21. Rd1
Bxg2 22. Qxg2 Nc4 23. Rdf1 f6 24. g5 fxg5 25. Bxg5 Ne3 26. Bxe3 Rxe3 27. Rf3
Rxf3 28. Qxf3 Qe7 29. Rf2 Rf8 30. Qxf8+ Qxf8 31. Rxf8+ Kxf8 32. Kf2 Kf7 33. Kf3
Ke6 34. c4 Kf5 35. d5 Ke5 36. dxc6 bxc6 37. c3 c5 38. Kg4 Ke4 39. h4 h6 40. Kh5
g5 41. hxg5 hxg5 42. Kxg5 Kd3 43. Kf4 Kxc3 44. Ke3 Kxc4 45. Kd2 Kb3 46. a5 a6
47. Kc1 Kb4 48. Kc2 Kxa5 49. Kc3 Kb5 50. Kb3 c4+ 51. Kc2 a5 52. Kb2 a4 {
und weitere 5 unleserliche Zuege.} 0-1

[Event "22.Deutsche Senioreneinzelmeisterschaft"]
[Site "Berlin-Spandau"]
[Date "2010.08.18"]
[Round "3.69"]
[White "Mehlhorn, Dieter"]
[Black "Petkov, Peter"]
[Result "1/2-1/2"]
[WhiteElo "1705"]
[BlackElo "1907"]
[PlyCount "117"]
[EventDate "2010.08.??"]
[EventType "swiss"]
[EventRounds "9"]
[EventCountry "GER"]
[WhiteTeam "Post-SV Crimmitschau"]
[BlackTeam "SV Bau-Union e.V."]

1. d4 Nf6 2. Nf3 g6 3. Nbd2 Bg7 4. e4 d6 5. c3 O-O 6. Be2 Nbd7 7. O-O e5 8. Qc2
Re8 9. d5 c6 10. dxc6 bxc6 11. Nc4 Qc7 12. Rd1 d5 13. exd5 cxd5 14. Ne3 Bb7 15.
Bd2 Rac8 16. Rac1 Qb6 17. Qb3 Qc7 18. Qa4 Bc6 19. Qh4 Rb8 20. Rc2 Nc5 21. Ng4
Nxg4 22. Qxg4 Bd7 23. Qh4 Bf5 24. Rcc1 Rxb2 25. Bf1 Bc2 26. Re1 Be4 27. Bh6
Bxf3 28. gxf3 Rxa2 29. Be3 Ne6 30. Red1 Rd8 31. Bd3 a5 32. Bc2 Ra3 33. Bd2 f5
34. Rb1 Nc5 35. Rb5 Bf8 36. Bg5 Rd7 37. Bd2 Be7 38. Qg3 Bd6 39. Bxf5 e4 40. f4
Re7 41. Be3 Qc6 42. Bxc5 Bxc5 43. Rb8+ Kf7 44. Qh4 Kg7 45. Bg4 Ra2 46. Rd4 Rf7
47. f5 Bxd4 48. cxd4 Qc1+ 49. Kg2 e3 50. f6+ Rxf6 51. Rb7+ Rf7 52. Rxf7+ Kxf7
53. Qxh7+ Kf6 54. Qh4+ Kf7 55. Qh7+ Kf8 56. Qh8+ Kf7 57. Qh7+ Kf6 58. Qh4+ Kg7
59. Qe7+ 1/2-1/2

[Event "22.Deutsche Senioreneinzelmeisterschaft"]
[Site "Berlin-Spandau"]
[Date "2010.08.18"]
[Round "3.70"]
[White "Johannsen, Ingbert"]
[Black "Rehder, Frank"]
[Result "1-0"]
[WhiteElo "1907"]
[BlackElo "1694"]
[PlyCount "47"]
[EventDate "2010.08.??"]
[EventType "swiss"]
[EventRounds "9"]
[EventCountry "GER"]

1. e4 c5 2. c3 Nc6 3. d4 cxd4 4. cxd4 d6 5. Nc3 Nf6 6. Nf3 g6 7. Bc4 Bg7 8. Bb3
O-O 9. O-O Bg4 10. Be3 Na5 11. Bc2 Nc4 12. Bc1 Rc8 13. h3 Bd7 14. Qd3 a6 15. b3
Na5 16. Bd2 b5 17. a3 Qb6 18. Rac1 Rc7 19. e5 Bf5 20. Qe2 Bxc2 21. exf6 Bxf6
22. Nd5 Qb7 23. Nxf6+ exf6 24. Bxa5 1-0

[Event "22.Deutsche Senioreneinzelmeisterschaft"]
[Site "Berlin-Spandau"]
[Date "2010.08.18"]
[Round "3.71"]
[White "Petrykowski, Reinhardt"]
[Black "Roedel, Egmar"]
[Result "1/2-1/2"]
[WhiteElo "1686"]
[BlackElo "1906"]
[PlyCount "32"]
[EventDate "2010.08.??"]
[EventType "swiss"]
[EventRounds "9"]
[EventCountry "GER"]

1. e4 c5 2. Nf3 e6 3. d4 cxd4 4. Nxd4 Nf6 5. Qd3 Nc6 6. Nc3 a6 7. a3 Qc7 8. Be2
Be7 9. Be3 O-O 10. O-O b5 11. Nxc6 dxc6 12. Bf3 Bb7 13. Qe2 Rad8 14. Rad1 c5
15. Rxd8 Rxd8 16. Rd1 Rxd1+ 1/2-1/2

[Event "22.Deutsche Senioreneinzelmeisterschaft"]
[Site "Berlin-Spandau"]
[Date "2010.08.18"]
[Round "3.72"]
[White "Rychlik, Kurt"]
[Black "Weber, Gerhard"]
[Result "1/2-1/2"]
[WhiteElo "1905"]
[BlackElo "1690"]
[PlyCount "80"]
[EventDate "2010.08.??"]
[EventType "swiss"]
[EventRounds "9"]
[EventCountry "GER"]
[WhiteTeam "SV Berenbostel"]
[BlackTeam "SK Bad Harzburg von 1927"]

1. d4 d5 2. c4 e6 3. Nf3 Nf6 4. Nc3 b6 5. Bg5 Be7 6. Rc1 O-O 7. e3 Bb7 8. Bd3
Nbd7 9. O-O dxc4 10. Bxc4 Ne4 11. Bf4 Nxc3 12. Rxc3 c5 13. Rd3 Be4 14. Rd2 Qc8
15. Bb5 Rd8 16. Qe2 a6 17. Bxd7 Rxd7 18. Ne5 Rd8 19. f3 Bg6 20. Rc1 Qb7 21. e4
Rxd4 22. Rxd4 cxd4 23. Nxg6 hxg6 24. Rc7 Qb8 25. Bg3 Qd8 26. Qd3 Bc5 27. a3 a5
28. Kf1 Qg5 29. f4 Qd8 30. f5 gxf5 31. exf5 Qf6 32. Bf2 Qxf5 33. Qxf5 exf5 34.
Rd7 g6 35. Bxd4 Bxd4 36. Rxd4 b5 37. Ke2 Kg7 38. Kd3 Kf6 39. Rd6+ Ke5 40. Rb6
Rd8+ 1/2-1/2

[Event "22.Deutsche Senioreneinzelmeisterschaft"]
[Site "Berlin-Spandau"]
[Date "2010.08.18"]
[Round "3.73"]
[White "Meiwald, Gerhard"]
[Black "Kraemer, Franz-Josef"]
[Result "0-1"]
[WhiteElo "1901"]
[BlackElo "1687"]
[PlyCount "52"]
[EventDate "2010.08.??"]
[EventType "swiss"]
[EventRounds "9"]
[EventCountry "GER"]
[WhiteTeam "Husumer SV von 1898"]
[BlackTeam "SC Bad Orb 1984"]

1. d4 f5 2. c4 Nf6 3. Nc3 d5 4. Bg5 Ne4 5. Nxe4 dxe4 6. e3 c5 7. Ne2 Qa5+ 8.
Nc3 Nc6 9. Be2 g6 10. dxc5 Bg7 11. Rc1 O-O 12. O-O h6 13. Bh4 g5 14. Bg3 Rd8
15. Qb3 Qxc5 16. Nd5 Ne5 17. Rfd1 e6 18. Nb4 Bd7 19. Nc2 b6 20. Nd4 Nd3 21.
Bxd3 exd3 22. Nb5 e5 23. Rxd3 Be6 24. f3 a6 25. Na3 b5 26. Rdc3 b4 0-1